000 01455nam a22002657a 4500
005 20170124103150.0
010 _aA-284496
020 _c60.00
035 _aA-284496
037 _bCen Lib/Ret
040 _aDPL
_bHN
082 _a181.42
_bप्रशस्त
100 _aप्रशस्तपादाचार्य
_987550
245 _aप्रशस्तपाद - भाष्य :
_cप्रशस्तपादाचार्य ; संपादक श्री निवास शास्त्री
_bसमीक्षात्मक भूमिका ,हिंदी अनुवाद तथा टिपण्णी सहित /
246 _aPrashtpad - bhasya : samikshatmak bhumika , hindi anuvad tatha tippani sahit
_b by Prashtpaadacharya ; sampadak Shree Nivas Shatri
260 _aगाज़ियाबाद
_bइंडो विजन प्रकाशन
_c1984
270 _aII,ए -220, नेहरु नगर
_bगाज़ियाबाद
300 _a323पृष्ठ.
_c20सेमी(सजिल्द)
650 _aवैशेषिक दर्शन
_987551
650 _aवैशेषिक दर्शन का उदभव
_986961
650 _aVaisheshika
_987552
650 _aThe origin of vaisheshika
_987553
700 _aशास्त्री, श्री निवास
_952576
942 _2ddc
_cHN
_h181.42
_mप्रशस्त
999 _c119905
_d119905